<?xml version="1.0" encoding="UTF-8"?><?xml-stylesheet type="text/xsl" href="static/style.xsl"?><OAI-PMH xmlns="http://www.openarchives.org/OAI/2.0/" xmlns:xsi="http://www.w3.org/2001/XMLSchema-instance" xsi:schemaLocation="http://www.openarchives.org/OAI/2.0/ http://www.openarchives.org/OAI/2.0/OAI-PMH.xsd"><responseDate>2026-04-13T03:11:22Z</responseDate><request verb="GetRecord" identifier="oai:www.recercat.cat:10256/8918" metadataPrefix="marc">https://recercat.cat/oai/request</request><GetRecord><record><header><identifier>oai:recercat.cat:10256/8918</identifier><datestamp>2024-12-05T16:45:02Z</datestamp><setSpec>com_2072_452971</setSpec><setSpec>com_2072_2054</setSpec><setSpec>col_2072_452982</setSpec></header><metadata><record xmlns="http://www.loc.gov/MARC21/slim" xmlns:dcterms="http://purl.org/dc/terms/" xmlns:xsi="http://www.w3.org/2001/XMLSchema-instance" xmlns:doc="http://www.lyncode.com/xoai" xsi:schemaLocation="http://www.loc.gov/MARC21/slim http://www.loc.gov/standards/marcxml/schema/MARC21slim.xsd">
   <leader>00925njm 22002777a 4500</leader>
   <datafield ind2=" " ind1=" " tag="042">
      <subfield code="a">dc</subfield>
   </datafield>
   <datafield ind2=" " ind1=" " tag="720">
      <subfield code="a">Pavón, David</subfield>
      <subfield code="e">author</subfield>
   </datafield>
   <datafield ind2=" " ind1=" " tag="260">
      <subfield code="c">2000</subfield>
   </datafield>
   <datafield ind2=" " ind1=" " tag="520">
      <subfield code="a">Ressenya del llibre 'La degradación y la protección del paisaje', de Luis Antonio Cancer Pomar, professor del Departament de Geografia i Ordenació del Territori de la Universitat de Saragossa</subfield>
   </datafield>
   <datafield tag="653" ind2=" " ind1=" ">
      <subfield code="a">Paisatge -- Protecció -- Ressenyes de llibres</subfield>
   </datafield>
   <datafield tag="653" ind2=" " ind1=" ">
      <subfield code="a">Landscape protection -- Book reviews</subfield>
   </datafield>
   <datafield tag="653" ind2=" " ind1=" ">
      <subfield code="a">Paisatge -- Modificacions -- Ressenyes de llibres</subfield>
   </datafield>
   <datafield tag="653" ind2=" " ind1=" ">
      <subfield code="a">Landscape changes -- Book reviews</subfield>
   </datafield>
   <datafield ind2="0" ind1="0" tag="245">
      <subfield code="a">[Ressenya] La degradación y la protección del paisaje, de Luis Antonio ] &#xd;
Cancer Pomar, Luis Antonio. La degradación y la protección del paisaje. Madrid: Ediciones Cátedra, 1999, 247 p. ISBN: 84-376-1727-8</subfield>
   </datafield>
</record></metadata></record></GetRecord></OAI-PMH>